[Event "TUR Cup"]
[Site "Antalya"]
[Date "2017.01.31"]
[Round "6"]
[White "Barlas, Berat"]
[Black "Tutuncu, Ali"]
[Result "0-1"]
[WhiteElo "1182"]
[BlackElo "1399"]
[PlyCount "68"]
[EventDate "2017.01.28"]
[EventType "swiss"]
[EventRounds "11"]
[EventCountry "TUR"]
[SourceTitle "CBM 176 Extra"]
[Source "ChessBase"]
[SourceDate "2017.03.02"]
[SourceVersion "1"]
[SourceVersionDate "2017.03.02"]
[SourceQuality "1"]

1. d4 d6 2. c4 g6 3. Nc3 Bg7 4. e3 a6 5. Nf3 Nf6 6. Bd3 b6 7. 0-0 Bb7 8. b3 Nbd7 9. e4 0-0 10. Bb2 c5 11. d5 Ng4 12. h3 Nge5 13. Nxe5 Nxe5 14. Qc2 Rc8 15. a4 e6 16. Rad1 Qg5 17. Qe2 exd5 18. cxd5 Nxd3 19. Rxd3 Rfe8 20. Rg3 Qd8 21. Qg4 b5 22. axb5 axb5 23. Nd1 Bxb2 24. Nxb2 Qf6 25. Rb1 Ra8 26. Qd7 Qe7 27. Qxb5 Qxe4 28. Rd3 Bxd5 29. Nc4 Bxc4 30. bxc4 Reb8 31. Qd7 Rd8 32. Qc7 Rac8 33. Qb6 Qc6 34. Qxc6 Rxc6 0-1

[Event "TUR Cup"]
[Site "Antalya"]
[Date "2017.01.29"]
[Round "2"]
[White "Aysoy, Veysi"]
[Black "Tutuncu, Ali"]
[Result "1-0"]
[WhiteElo "1874"]
[BlackElo "1399"]
[PlyCount "92"]
[EventDate "2017.01.28"]
[EventType "swiss"]
[EventRounds "11"]
[EventCountry "TUR"]
[SourceTitle "CBM 176 Extra"]
[Source "ChessBase"]
[SourceDate "2017.03.02"]
[SourceVersion "1"]
[SourceVersionDate "2017.03.02"]
[SourceQuality "1"]

1. e4 d6 2. d4 g6 3. Nc3 Bg7 4. Nf3 Nf6 5. h3 a6 6. a4 b6 7. Bd3 Nbd7 8. e5 Ng8 9. Qe2 dxe5 10. dxe5 Nc5 11. Bc4 Nh6 12. Be3 0-0 13. Rd1 Qe8 14. Bxc5 bxc5 15. 0-0 Bb7 16. Rfe1 Nf5 17. Ne4 Bxe4 18. Qxe4 e6 19. b3 Ne7 20. Qd3 a5 21. Qd7 c6 22. Qd6 Nd5 23. Qxc5 Nb4 24. Nd4 Qc8 25. c3 Nd5 26. Nxc6 Kh8 27. Bxd5 exd5 28. Rxd5 Re8 29. Nxa5 Qb8 30. b4 Rc8 31. Qd4 Qa7 32. Qxa7 Rxa7 33. c4 Bf8 34. c5 Bxc5 35. Rxc5 Rxc5 36. bxc5 Rxa5 37. Rc1 Rxa4 38. c6 Ra8 39. Kf1 Kg7 40. Ke2 Kf8 41. Ke3 Ke7 42. Kd4 Kd8 43. Rb1 Ke7 44. Kc5 Ke6 45. c7 Kd7 46. Rb8 Rxb8 1-0

[Event "TUR Cup"]
[Site "Antalya"]
[Date "2017.01.29"]
[Round "3"]
[White "Tutuncu, Ali"]
[Black "Kansal, Cagin"]
[Result "0-1"]
[WhiteElo "1399"]
[BlackElo "1793"]
[PlyCount "68"]
[EventDate "2017.01.28"]
[EventType "swiss"]
[EventRounds "11"]
[EventCountry "TUR"]
[SourceTitle "CBM 176 Extra"]
[Source "ChessBase"]
[SourceDate "2017.03.02"]
[SourceVersion "1"]
[SourceVersionDate "2017.03.02"]
[SourceQuality "1"]

1. e4 c6 2. d4 d5 3. e5 Bf5 4. Bd3 Bg6 5. Nf3 e6 6. h3 Nd7 7. c3 Ne7 8. Bg5 Qb6 9. b3 c5 10. 0-0 Nc6 11. Be3 Rc8 12. Bxg6 hxg6 13. Nbd2 cxd4 14. Bxd4 Nxd4 15. cxd4 Ba3 16. Re1 Bb2 17. Rb1 Bxd4 18. Nxd4 Qxd4 19. Nf3 Qxd1 20. Rbxd1 Ke7 21. Nd4 a6 22. f4 Rc3 23. a4 Rhc8 24. Kh2 Nc5 25. Rc1 Ne4 26. Rxc3 Rxc3 27. Rd1 Nc5 28. Ra1 Kd7 29. b4 Rc4 30. bxc5 Rxd4 31. Rb1 Kc7 32. Kg3 Rxa4 33. Kg4 Rc4 34. Kg5 Rxc5 0-1